| 000 | 00604nam a2200205 a 4500 | ||
|---|---|---|---|
| 005 | 20210223124904.0 | ||
| 008 | 030327s1991 mx r 000 0 spa d | ||
| 020 | _a9684095929 | ||
| 035 | _aUPN01000123387 | ||
| 049 | _aCG | ||
| 050 | 4 |
_aHC135 _bD3.4 |
|
| 100 | 1 |
_aDamm Arnal, Arturo, _d1957- _931077 |
|
| 245 | 1 | 3 |
_aLa liberalización económica : _bhacia dónde va México / _cArturo Damm Arnal. |
| 250 | _a2a ed. | ||
| 260 |
_aMéxico : _bEDAMEX, _c1991. |
||
| 300 | _a116 p. | ||
| 651 | 4 |
_aMEXICO - _xCONDICIONES ECONOMICAS - _y1989-1994 |
|
| 650 | 4 |
_aINDUSTRIA Y ESTADO - _zMEXICO |
|
| 905 | _aLibro | ||
| 999 |
_c95567 _d95567 |
||